Herejías Econónicas (Registro nro. 4357)

Detalles MARC
000 -LEADER
fixed length control field 00906 a2200217 4500
001 - CONTROL NUMBER
control field 47418
005 - DATE AND TIME OF LATEST TRANSACTION
control field 20260407155741.0
008 - FIXED-LENGTH DATA ELEMENTS--GENERAL INFORMATION
fixed length control field 260407a1976 arg spa d
003 - CONTROL NUMBER IDENTIFIER
control field AR-UNSa-BCEJYS
040 ## - CATALOGING SOURCE
Original cataloging agency AR-UNSa-BCEJYS
Language of cataloging spa
Transcribing agency AR-UNSa-BCEJYS
080 ## - UNIVERSAL DECIMAL CLASSIFICATION NUMBER
Universal Decimal Classification number 330
Common auxiliary subdivision Economía en general
020 ## - INTERNATIONAL STANDARD BOOK NUMBER
International Standard Book Number 84-344-1991-2
100 1# - MAIN ENTRY--PERSONAL NAME
Personal name Robinson, Joan
245 10 - TITLE STATEMENT
Title Herejías Econónicas
Name of part/section of a work viejas controversias de la teoría económica
264 #1 - PRODUCTION, PUBLICATION, DISTRIBUTION, MANUFACTURE, AND COPYRIGHT NOTICE
Place of production, publication, distribution, manufacture Barcelona :
Name of producer, publisher, distributor, manufacturer Ariel
Date of production, publication, distribution, manufacture, or copyright notice 1976
300 ## - PHYSICAL DESCRIPTION
Extent 187 p.
Dimensions 19 cm.
505 ## - FORMATTED CONTENTS NOTE
Formatted contents note 1. Estados estacionarios - 2. El corto plazo - 3. Interés y beneficio - 4. Rendimientos crecientes y decrecientes - 5. Modelos no monetarios - 6. Precios y dinero - 7. Teoría de la empresa - 8. Modelos de crecimiento.
590 ## - LOCAL NOTE (RLIN)
Local note niveau_biblio:m niveau_hierar:0
856 41 - ELECTRONIC LOCATION AND ACCESS
Uniform Resource Identifier <a href="https://www.biblioeco.unsa.edu.ar/pmb/images/libros/L127500.jpg">https://www.biblioeco.unsa.edu.ar/pmb/images/libros/L127500.jpg</a>
Link text Imagen de portada
Electronic format type image/jpeg
942 ## - ADDED ENTRY ELEMENTS (KOHA)
Koha item type
Existencias
Withdrawn status Lost status Damaged status Not for loan Home library Current library Shelving location Date acquired Total checkouts Full call number Barcode Date last seen Price effective from Koha item type
        Biblioteca Prof. Eusebio Cleto del Rey Biblioteca Prof. Eusebio Cleto del Rey   07/04/2026   330 R655h L127500 07/04/2026 07/04/2026 Libro